Trivia Trail - Christmas - Statistics

General Stats
  • This quiz has been taken 62 times
  • The average score is 16 of 30
Answer Stats
Hint Answer % Correct
White beverage with ingredients including sugar, milk and cream Eggnog
91%
Colour shared by Rudolph's nose and (in the UK and USA) Santa's jacket Red
89%
Santa's preferred mode of transport Sleigh
89%
Birthplace of the Baby Jesus Bethlehem
88%
The kind of Christmas Bing Crosby's dreaming of White
88%
City in which Kevin McCallister gets lost New York
86%
People traditionally do this under mistletoe Kiss
84%
Type of calendar often used to count down the days to Christmas Advent
82%
Jewish holiday lasting eight days that also occurs once a year each winter Hanukkah
79%
Tchaikovsky ballet set on Christmas Eve (The) Nutcracker
79%
Number of days in between Christmas Day and New Year's Day Seven
73%
Decoration originally made from threads of gold and silver Tinsel
71%
On the seventh day of Christmas, my true love gave me seven of this bird Swan
63%
Country to which Mary, Joseph and baby Jesus fled, to escape King Herod Egypt
59%
Monster who punishes badly-behaved children in Alpine folklore Krampus
57%
1946 movie about a banker who is shown what life would be like if he never existed It's a Wonderful Life
48%
Song you've heard if you've just lost Whamageddon Last Christmas
48%
Branch of the military that runs the charity Toys for Tots Marines
48%
Ancient Pagan festival incorporated into Christmas in present times Yule
46%
Decorative braid or knot of material such as flowers or leaves Garland
45%
British TV presenter Edmonds, who was born on 22nd December Noel
43%
European capital that elects a "St. Lucy" every year on 13th December Helsinki
38%
Rudolph's father Donner
29%
"Step Into Christmas" singer Elton John
29%
German word for Christmas tree Tannenbaum
21%
Country whose traditional Hafalaab soup is often served during winter Liechtenstein
18%
Ralphie's little brother in A Christmas Story (1983) Randy
16%
Roman festival thought to have influenced modern Christmas traditions Saturnalia
16%
1949 song written by Carl Sigman: "A ___________ World" Marshmallow
13%
Cartoon character traditionally watched in Sweden on Christmas Eve Donald Duck
7%
No matching quizzes found
Score Distribution
Percent of People with Each Score
Percentile by Number Answered
Your Score History
You have not taken this quiz